Szczegóły MARC21

Medyczne oświadczenia pro futuro na tle prawnoporównawczym /

003 -Nazwa inst., której nr kontr. jest w polu 001 [,]
    • @
    • Nazwa instytucji, której n kontrolny jest w polu 001
    • NUKAT
005 -DATA I CZAS OSTATNIEJ MODYFIKACJI [,]
    • @
    • pole kontrolne
    • 20241231104622.0
020 -Międzynarod. znormalizowany nr książki - ISBN [ , ]
    • a
    • Numer ISBN
    • 9788326441899 Find
040 -Instytucja sporządzająca opis [ , ]
    • a
    • Instytucja, która sporządziła opis (NP)
    • KAT U/24IB
    • c
    • Instytucja, która sporządziła rekord (NP)
    • KAT U/24IB
    • d
    • Instytucja, która zmodyfikowała rekord (P)
    • KAT U/24MGs
942 -Rodzaj dokumentu [ , ]
    • c
    • Rodzaj dokumentu
    • Książka
100 -Hasło główne - nazwa osobowa [1, ]
    • a
    • Nazwa osobowa (NP)
    • Syska, Maciej.
    • 9
    • KHW
    • 61748
245 -Strefa tytułu i oznaczenia odpowiedzialności [1,0]
    • a
    • Tytuł
    • Medyczne oświadczenia pro futuro na tle prawnoporównawczym / Find
    • c
    • Pozostałe elementy strefy tytułu i oznaczenia odpowiedzialności (NP)
    • Maciej Syska.
250 -Strefa wydania [ , ]
    • a
    • Oznaczenie wydania (NP)
    • Stan prawny na 1 lutego 2013 r.
260 -Strefa adresu wydawniczego [ , ]
    • a
    • Miejsce wydania (P)
    • Warszawa :
    • b
    • Nazwa wydawcy (P)
    • Wolters Kluwer Polska,
    • c
    • Data wydania (P)
    • 2013.
300 -Strefa opisu fizycznego [ , ]
    • a
    • Określenie formy książki i/lub objętość (NP)
    • 323 s. ;
    • c
    • Format (NP)
    • 21 cm.
336 -Typ zawartości [ , ]
    • a
    • Termin opisujący typ zawartości
    • Tekst
    • b
    • Kod określający zawartość
    • txt
    • 2
    • Źródło (terminu i kodu)
    • rdacontent
337 -Typ mediów [ , ]
    • a
    • Tryb odtwarzania
    • Bez urządzenia pośredniczącego
    • b
    • Kod typu mediów
    • n
    • 2
    • Źródło (terminu i kodu)
    • rdamedia
338 -Typ/rodzaj nośnika [ , ]
    • a
    • Hasło opisujące typ nośnika
    • Wolumin
    • b
    • Kod typu nośnika
    • nc
    • 2
    • Źródło (terminu i kodu)
    • rdacarrier
490 -Strefa serii i książki wielotomowej - forma nie do wyszukiwania [1, ]
    • a
    • Tytuł (P)
    • Monografie Lex, Find
    • x
    • ISSN (NP)
    • ISSN 1897-4392
830 -Hasło dodatkowe serii i opisu książki wielotomowej - tytuł ujednolicony/tytuł [ ,0]
    • a
    • Tytuł ujednolicony/tytuł (NP)
    • Monografie - Wolters Kluwer Polska
    • x
    • ISSN
    • 1897-4392
    • 9
    • KHW
    • 931
500 -Uwaga ogólna [ , ]
    • a
    • Uwaga ogólna (NP)
    • Na okł.: HR Helsińska Fundacja Praw Człowieka.
504 -Uwaga dot. bibliogr. załącznikowej [ , ]
    • a
    • Uwaga dot. bibliografii załącznikowej
    • Bibliogr. s. 307-323.
080 -Uniwersalna Klasyfikacja Dziesiętna [ , ]
    • 2
    • Identyfikator wydania tablic
    • UDC-P058
    • 9
    • UKD
    • 3640
    • a
    • Symbol klasyfikacji
    • 351.77
    • b
    • Dopowiedzenie
    • Zdrowie i higiena publiczna. Kontrola sanitarna. Kontrola weterynaryjna. Cmentarze.
080 -Uniwersalna Klasyfikacja Dziesiętna [ , ]
    • 2
    • Identyfikator wydania tablic
    • UDC-P058
    • 9
    • UKD
    • 3430
    • a
    • Symbol klasyfikacji
    • 342.7
    • b
    • Dopowiedzenie
    • Prawa podstawowe. Prawa człowieka.
080 -Uniwersalna Klasyfikacja Dziesiętna [ , ]
    • 2
    • Identyfikator wydania tablic
    • UDC-P058
    • 9
    • UKD
    • 2481
    • a
    • Symbol klasyfikacji
    • 179
    • b
    • Dopowiedzenie
    • Różne zagadnienia etyczne. Moralność prasy. Okrucieństwo (wobec dzieci i zwierząt). Wiwisekcja. Odwaga. Tchórzostwo. Wady i błędy. Cnoty i zalety. Poszanowanie życia ludzkiego. Pojedynek. Samobójstwo. Zabójstwo. Eutanazja itd.
080 -Uniwersalna Klasyfikacja Dziesiętna [ , ]
    • 2
    • Identyfikator wydania tablic
    • UDC-P058
    • 9
    • UKD
    • 4512
    • a
    • Symbol klasyfikacji
    • 608.1
    • b
    • Dopowiedzenie
    • Etyczne aspekty biotechnologii. Bioetyka.
650 -Hasło przedmiotowe [ ,7]
    • a
    • Hasło przedmiotowe
    • Bioetyka
    • x
    • Określnik rzeczowy
    • prawo.
    • 2
    • Źródło terminu
    • kaba
    • 9
    • KHW
    • 103215
650 -Hasło przedmiotowe [ ,7]
    • a
    • Hasło przedmiotowe
    • Prawo medyczne (prawo międzynarodowe).
    • 2
    • Źródło terminu
    • kaba
    • 9
    • KHW
    • 118859
650 -Hasło przedmiotowe [ ,7]
    • a
    • Hasło przedmiotowe
    • Zgoda na leczenie
    • v
    • Określnik formalny
    • badania porównawcze.
    • 2
    • Źródło terminu
    • kaba
    • 9
    • KHW
    • 376398
650 -Hasło przedmiotowe [ ,7]
    • a
    • Hasło przedmiotowe
    • Oświadczenie woli (prawo)
    • v
    • Określnik formalny
    • badania porównawcze.
    • 2
    • Źródło terminu
    • kaba
    • 9
    • KHW
    • 375612
980 -Symbol UKD [ , ]
    • a
    • UKD
    • 351.77:342.7:608.1
710 -Hasło dodatkowe - nazwa ciała zbiorowego [2, ]
    • a
    • Nazwa ciała zbiorowego lub nazwa geograficzna jako pierwszy element (NP)
    • Wolters Kluwer Polska.
    • 4
    • Kod relacji
    • pbl
    • 9
    • KHW
    • 52677
920 -ISBN [ , ]
    • a
    • ISBN
    • 978-83-264-4189-9 Find
Data inwentaryzacji Lokalizacja Status udost. Numer inwentarzowy Sygnatura
2013-09-26BSA1SA.22069SA.22069